| 000 | 01075nam a22002777a 4500 | ||
|---|---|---|---|
| 005 | 20100306101042.0 | ||
| 008 | 100306t xxu||||| |||| 00| 0 eng d | ||
| 010 | _aENG-95860 G-001682 | ||
| 020 |
_a9788190844437 _c495.00 |
||
| 035 | _aEN-79393 | ||
| 035 | _aG-001682 | ||
| 037 | _bDBAD/PUB | ||
| 037 | _bGift | ||
| 040 |
_aDPL _beng |
||
| 082 | _a920 | ||
| 100 |
_aBandrawal, Praveen Kumar _91419 |
||
| 245 |
_aNobel awards winner Physics / _cby Praveen Kumar Bandrawal |
||
| 260 |
_aNew Delhi _bSun Flower Books _c2009 |
||
| 270 |
_a4760-61, IInd Floor, 23, Ansari Road, Daryaganj _bNew Delhi _e110002 |
||
| 300 |
_a220p. _c23 cm(Hb) |
||
| 650 | _2Physics | ||
| 942 |
_2ddc _cEN _mBAN _h920 |
||
| 999 |
_c34442 _d34442 |
||